Immanuel Wallerstein: crítica del sistema-mundo capitalista, estudio y entrevista
Na minha lista:
| Autor principal: | |
|---|---|
| Formato: | Livro |
| Idioma: | espanhol |
| Publicado em: |
Santiago
LOM
2004
|
| Edição: | 1a. ed |
| Colecção: | Colección Escafandra
|
| Assuntos: | |
| Tags: |
Adicionar Tag
Sem tags, seja o primeiro a adicionar uma tag!
|
MARC
| LEADER | 00000nam a2200000 a 4500 | ||
|---|---|---|---|
| 001 | UCL8643 | ||
| 003 | CL-VaPUC | ||
| 008 | 040702e20040000CL |||||||||||||||||spa|d | ||
| 020 | |a 9562826147 | ||
| 082 | 0 | 4 | |a 330.122 |b AGU |2 21 |
| 100 | 0 | |a Aguirre Rojas, Carlos Antonio |e author |9 486584 | |
| 245 | 1 | 0 | |a Immanuel Wallerstein: crítica del sistema-mundo capitalista, estudio y entrevista |
| 250 | |a 1a. ed | ||
| 300 | |a 413 p | ||
| 942 | |c BK | ||
| 945 | |d 20040702 00:00:00 |a cmena | ||
| 260 | |a Santiago |b LOM |c 2004 | ||
| 600 | 0 | 7 | |a WALLERSTEIN, IMMANUEL MAURICE |2 CL-VaPUC |9 486585 |
| 650 | 0 | |a Capitalismo |9 255255 | |
| 650 | 0 | |a Globalización |9 361930 | |
| 650 | 0 | |a Política económica |9 255029 | |
| 650 | 0 | |a Política internacional |9 255813 | |
| 583 | |a last modification |c 20040702 00:00:00 |k Rodrigo Vera | ||
| 490 | 0 | |a Colección Escafandra | |
| 999 | |c 309843 |d 309841 | ||
| 952 | |0 0 |1 0 |4 0 |6 330_122000000000000_AGU_2004 |7 0 |8 R |9 377615 |a BIBHIS |b BIBHIS |d 2019-11-21 |i 4028473 |o 330.122 AGU 2004 |p 4028473 |r 2024-01-30 |w 2019-11-21 |y BK_R |k HIS | ||